| 000 | 00874nam a2200277Ia 4500 | ||
|---|---|---|---|
| 003 | OSt | ||
| 005 | 20220928132612.0 | ||
| 006 | a|||||r|||| 00| 0 | ||
| 007 | ta | ||
| 008 | 220927b |||||||| |||| 00| 0 eng d | ||
| 024 | _a35056 | ||
| 037 | _cTextual | ||
| 040 |
_aSDCL _cSDCL _beng |
||
| 041 |
_2eng _aeng |
||
| 082 | _aX:8:(S:44), P8 | ||
| 100 |
_aParnell Gregory S Ed. _9482389 |
||
| 245 | 0 | _aDecision making in systems enginering and management. | |
| 260 |
_aNew Jersey _bJohn Wiley _c2008 |
||
| 300 |
_axxxvii,438p. _ccm. |
||
| 490 | _aWiley systems engineering and management | ||
| 650 | _aDecision Making | ||
| 700 |
_a Driscoll Patrick J Ed. _9482390 |
||
| 700 |
_a Henderson Dale L Ed. _9482391 |
||
| 942 |
_hX:8:(S:44), P8 _cTEXL _2CC |
||
| 999 |
_c795102 _d795102 |
||